000 006650000a22002050004500
003 LK-CoMWRAF
005 20240315152152.0
008 230817t ||||| |||| 00| 0 eng d
040 _aLK-CoMWRAF
_dLK-CoMWRAF
_eLK-CoMWRAF
041 _aeng
082 _a016.3405
_bMAT
245 _aMatters related to marriage and divorce in Muslim laws :
_ba preliminary working bibliography
260 _aGrables :
_bWomen living under Muslim Laws,
_c1996
300 _a26 p.
490 _aBibliographies & resources series
650 _aMARRIAGE AND DIVORCE-laws-bibliographies
650 _aMuslim laws-bibliographies
710 _aDocumentation unit, WLUML
942 _cREF
999 _c792
_d792